Perang Klang : a study of Malay politics and personalities in Selangor 1867-1898 /
Saved in:
| Main Author: | |
|---|---|
| Format: | Thesis Book |
| Language: | English |
| Published: |
Kuala Lumpur,
1970.
|
| Subjects: | |
| Tags: |
Add Tag
No Tags, Be the first to tag this record!
|
| LEADER | 01030cam a2200277 a 4500 | ||
|---|---|---|---|
| 001 | u142913 | ||
| 003 | SIRSI | ||
| 008 | 920221s1970 my b t 00 1 eng m | ||
| 035 | |a AAQ-6052 | ||
| 040 | |a UMM | ||
| 043 | |a a-my-se | ||
| 090 | |a DS598 |b S46Muhah | ||
| 091 | |a Microfiche 267 | ||
| 100 | 0 | 0 | |a Mohd. Amin Hassan. |
| 245 | 1 | 0 | |a Perang Klang : |b a study of Malay politics and personalities in Selangor 1867-1898 / |c Muhammad Amin bin Hassan. |
| 260 | |a Kuala Lumpur, |c 1970. | ||
| 300 | |a v, 198 leaves : |b maps ; |c 29 cm. | ||
| 500 | |a Also available on microfiche. Kuala Lumpur : Perpustakaan Universiti Malaya, 1972. 4 fiches : negative ; 11x15 cm. | ||
| 500 | |a Mimeographed. | ||
| 502 | |a Dissertation (M.A.) -- Universiti Malaya, 1970. | ||
| 504 | |a Bibliography: leaves 187-198. | ||
| 651 | 0 | |a Selangor |x History. | |
| 651 | 0 | |a Selangor |x Politics and government. | |
| 948 | |a 21/02/1992 |b 24/07/2002 | ||
| 596 | |a 1 | ||
| 999 | |a DS598 S46MUHAH |w LC |c 1 |i A002907091 |d 24/10/2018 |e 24/10/2018 |l STACKS |m P01UTAMA |n 29 |r Y |s Y |t TESIS |u 11/3/1992 | ||
